| 000 -LEADER |
| fixed length control field |
00632nam a2200217Ia 4500 |
| 001 - CONTROL NUMBER |
| control field |
7821 |
| 003 - CONTROL NUMBER IDENTIFIER |
| control field |
GE_BSU |
| 005 - DATE AND TIME OF LATEST TRANSACTION |
| control field |
20221116110949.0 |
| 008 - FIXED-LENGTH DATA ELEMENTS--GENERAL INFORMATION |
| fixed length control field |
181216s2005en xx |||||||||||||| ||eng|| |
| 020 ## - INTERNATIONAL STANDARD BOOK NUMBER |
| International Standard Book Number |
1419610147 x |
| 040 ## - CATALOGING SOURCE |
| Transcribing agency |
GE_BSU |
| 041 ## - LANGUAGE CODE |
| Language code of text/sound track or separate title |
eng |
| 080 ## - UNIVERSAL DECIMAL CLASSIFICATION NUMBER |
| Universal Decimal Classification number |
338.48 M-76 |
| 100 ## - MAIN ENTRY--PERSONAL NAME |
| Personal name |
Mitchell,G.E. |
| 9 (RLIN) |
14815 |
| 245 ## - TITLE STATEMENT |
| Title |
How to Start a Tour Guiding Business / |
| Statement of responsibility, etc. |
G.E. Mitchell |
| 264 ## - PRODUCTION, PUBLICATION, DISTRIBUTION, MANUFACTURE, AND COPYRIGHT NOTICE |
| Place of production, publication, distribution, manufacture |
USA : |
| Name of producer, publisher, distributor, manufacturer |
Gem Group, |
| Date of production, publication, distribution, manufacture, or copyright notice |
2005. |
| 300 ## - PHYSICAL DESCRIPTION |
| Extent |
272 p.: |
| Other physical details |
Ill; |
| Dimensions |
26 cm. |
| 653 ## - INDEX TERM--UNCONTROLLED |
| keyword |
How to Start a Tour Guiding Business |
| 653 ## - INDEX TERM--UNCONTROLLED |
| keyword |
როგორ დავიწყოთ გიდის ბიზნესი |
| 942 ## - ADDED ENTRY ELEMENTS (KOHA) |
| Koha item type |
წიგნი |
| Source of classification or shelving scheme |
|